Hodnotenie vlastností priemyselných meracích prevodníkov polohy [CD-ROM]
Saved in:
| Main Author: | |
|---|---|
| Other Authors: | |
| Format: | Manuscript Book |
| Language: | Slavic languages |
| Published: |
Bratislava :
STU v Bratislave SjF,
2009
|
| Subjects: | |
| Tags: |
No Tags, Be the first to tag this record!
|
MARC
| LEADER | 00000ntm a22000003a 4500 | ||
|---|---|---|---|
| 001 | stu213331 | ||
| 005 | 20150617230102.1 | ||
| 008 | 101019s2009----xo------------------sla-d | ||
| 040 | |a STU |b slo | ||
| 041 | 0 | |a sla | |
| 044 | |a xo | ||
| 100 | 1 | |a Maniur, Milan Ioan, |d 1984- |4 aut |u J0020 |U SjF Strojnícka fakulta |T SjF Ústav automatizácie, merania a aplikovanej informatiky |X 13127 |U J0020 |Y 802 |7 A000013127 | |
| 242 | 0 | 0 | |a Evaluation of performance of industrial position transmitters |y eng |
| 245 | 1 | |a Hodnotenie vlastností priemyselných meracích prevodníkov polohy [CD-ROM] | |
| 260 | |a Bratislava : |b STU v Bratislave SjF, |c 2009 | ||
| 300 | |a 73 s | ||
| 650 | 7 | |a ultrazvukový prevodník polohy |2 stusub | |
| 650 | 7 | |a servomotory |2 stusub | |
| 650 | 7 | |a supersonic detector of location |2 estusub | |
| 650 | 7 | |a measurement |2 estusub | |
| 700 | 1 | |a Juhás, Martin, |d 1968- |4 xxx |u J0020 |U SjF Strojnícka fakulta |T SjF Ústav automatizácie, merania a aplikovanej informatiky |X 2316 |U J0020 |Y 802 |7 A000002316 | |
| 996 | |b 284J037637 |c J*520/DP |l JJSK |s A |a 24 |w stu213331_0001 | ||